The royal One Hundred (Record no. 32448)

MARC details
000 -LEADER
fixed length control field 00704nam a2200241 i 4500
001 - CONTROL NUMBER
control field C2-0118666
003 - CONTROL NUMBER IDENTIFIER
control field PPAK
005 - DATE AND TIME OF LATEST TRANSACTION
control field 20180727111414.0
008 - FIXED-LENGTH DATA ELEMENTS--GENERAL INFORMATION
fixed length control field 970803s1986 enka|||| ||||| | eng d
020 ## - INTERNATIONAL STANDARD BOOK NUMBER
International Standard Book Number 0907516939
040 ## - CATALOGING SOURCE
Original cataloging agency PPAK
Language of cataloging eng
Transcribing agency PPAK
Description conventions rda
082 04 - DEWEY DECIMAL CLASSIFICATION NUMBER
Classification number 929.7094
Edition number 23
090 00 - LOCALLY ASSIGNED LC-TYPE CALL NUMBER (OCLC); LOCAL CALL NUMBER (RLIN)
Classification number (OCLC) (R) ; Classification number, CALL (RLIN) (NR) 929.7094
Feature heading HAM
Feature heading G
100 1# - MAIN ENTRY--PERSONAL NAME
Personal name Hamilton, Alan,
Relator term author
245 14 - TITLE STATEMENT
Title The royal One Hundred
264 #1 - PRODUCTION, PUBLICATION, DISTRIBUTION, MANUFACTURE, AND COPYRIGHT NOTICE
Place of production, publication, distribution, manufacture London :
Name of producer, publisher, distributor, manufacturer Pavilion Books Ltd. ,
Date of production, publication, distribution, manufacture, or copyright notice 1986
300 ## - PHYSICAL DESCRIPTION
Extent 130 pages :
Other physical details colour illustrations ;
Dimensions 20 cm
336 ## - CONTENT TYPE
Source rdacontent
Content type term text
337 ## - MEDIA TYPE
Source rdamedia
Media type term unmediated
338 ## - CARRIER TYPE
Source rdacarrier
Carrier type term volume
650 10 - SUBJECT ADDED ENTRY--TOPICAL TERM
Topical term or geographic name entry element Royal house - Europe ; Europe - Kings and rulers - Genealogy
942 ## - ADDED ENTRY ELEMENTS (KOHA)
-- dc
Koha item type Book
Holdings
Withdrawn Not for loan Current library Shelving location Date acquired Full call number Barcode Date last seen Koha item type
    Perpustakaan Awam Sungai Petani Pinjaman Dewasa 11/02/2004 929.7094 HAM A00416629 08/05/2018 Book
    Perpustakaan Kulim Pinjaman Dewasa 18/12/2003 929.7094 HAM A00324962 08/05/2018 Book
    Perpustakaan Yan Pinjaman Dewasa 20/06/2019 929.7094 HAM A00162207 20/06/2019 Book